| 000 | 00967nam a2200301 a 4500 | ||
|---|---|---|---|
| 001 | 61922 | ||
| 003 | BD-RjUL | ||
| 005 | 20211209081023.0 | ||
| 008 | 170122m1994 ii a b 000 0 eng d | ||
| 020 |
_a0750613041 (v. 1) : _c£25.00 |
||
| 020 |
_a0750613033 (v. 2) : _c£25.00 |
||
| 035 | _a(BD-RjUL)62047 | ||
| 040 |
_aBD-RjUL _cBD-RjUL _dBD-RjUL _beng |
||
| 041 | _aeng | ||
| 082 | 0 | 0 |
_a717 _223 _bLIL 1994 |
| 100 | 1 |
_aLittlewood, Michael. _9184306 |
|
| 245 | 1 | 0 |
_aLandscape detailing / _cMichael Littlewood. |
| 250 | _a3rd ed. | ||
| 260 |
_aDelhi : _bCBS Pub. & Distri. , _c1994 |
||
| 300 |
_a v. : _bill. ; _c30 cm. |
||
| 504 | _aIncludes bibliographical references. | ||
| 505 | 0 | _av. 1. Enclosure -- v. 2. Surfaces -- | |
| 650 | 0 |
_aLandscape architecture _9184307 |
|
| 650 | 0 |
_aFences _xDesign and construction _9184308 |
|
| 650 | 0 |
_aGarden walks _xDesign and construction. _9184309 |
|
| 650 | 0 |
_aWalls _xDesign and construction. _9184310 |
|
| 942 |
_2ddc _cBK |
||
| 999 |
_c61922 _d61922 |
||